Norwich City Who's In The Kit? Picture Quiz #4 - Statistics

General Stats
  • This quiz has been taken 7 times
  • The average score is 17 of 20
Answer Stats
Picture Answer % Correct
Alex Tettey
100%
Ben Godfrey
100%
Christos Tzolis
100%
Kenny McLean
100%
Marcelino Núñez
100%
Mario Vrančić
100%
Sam Byram
100%
Teemu Pukki
100%
Todd Cantwell
100%
Andrew Omobamidele
86%
Dennis Srbeny
86%
Emiliano Buendía
86%
Gabriel Sara
86%
Jack Stacey
86%
Jonathan Rowe
86%
Christoph Zimmermann
71%
Mathias Normann
71%
Milot Rashica
71%
Moritz Leitner
71%
Xavi Quintillà
43%
No matching quizzes found
Score Distribution
Percent of People with Each Score
Percentile by Number Answered
Your Score History
You have not taken this quiz